Emmanuel Macron und die Krise der politischen Repräsentation

Bibliographische Detailangaben
Veröffentlicht in:Das Phänomen Macron und die Krise der Demokratie in Europa. - Wiesbaden : Springer VS, 2019. - (2019), Seite 11-20
1. Verfasser: Grillmayer, Dominik 1978- (VerfasserIn)
Format: Aufsatz
Sprache:German
Veröffentlicht: 2019
Zugriff auf das übergeordnete Werk:Das Phänomen Macron und die Krise der Demokratie in Europa
Schlagworte:Innenpolitik Staatsoberhaupt Führungsstil Konzeption Politik Änderung Staat Bürger Protestbewegung Repräsentativität
LEADER 01000caa a2200265 c 4500
001 1663181284
003 DE-627
005 20220625112547.0
007 tu
008 190412s2019 xx ||||| 00| ||ger c
035 |a (DE-627)1663181284 
035 |a (DE-599)KXP1663181284 
040 |a DE-627  |b ger  |c DE-627  |e rda 
041 |a ger 
084 |a RA04.06  |2 fivr 
084 |a SG05  |2 fivs 
100 1 |a Grillmayer, Dominik  |d 1978-  |e verfasserin  |0 (DE-588)1158606915  |0 (DE-627)1020596775  |0 (DE-576)382289943  |4 aut 
245 1 0 |a Emmanuel Macron und die Krise der politischen Repräsentation  |c Dominik Grillmayer 
264 1 |c 2019 
336 |a Text  |b txt  |2 rdacontent 
337 |a ohne Hilfsmittel zu benutzen  |b n  |2 rdamedia 
338 |a Band  |b nc  |2 rdacarrier 
600 1 7 |0 (DE-588)1089164025  |0 (DE-627)852984693  |0 (DE-576)459874896  |a Macron, Emmanuel  |d 1977-  |2 gnd 
650 0 7 |0 (DE-588)4027058-0  |0 (DE-627)106286234  |0 (DE-576)208968997  |a Innenpolitik  |2 gnd 
650 0 7 |0 (DE-588)4130304-0  |0 (DE-627)105703567  |0 (DE-576)209617853  |a Staatsoberhaupt  |2 gnd 
650 0 7 |0 (DE-588)4131218-1  |0 (DE-627)104739355  |0 (DE-576)209625546  |a Führungsstil  |2 gnd 
650 0 7 |0 (DE-588)4204973-8  |0 (DE-627)105139254  |0 (DE-576)210165766  |a Konzeption  |2 gnd 
650 0 7 |0 (DE-588)4046514-7  |0 (DE-627)104152206  |0 (DE-576)209069945  |a Politik  |2 gnd 
650 0 7 |0 (DE-588)4128256-5  |0 (DE-627)104106050  |0 (DE-576)209600551  |a Änderung  |2 gnd 
650 0 7 |0 (DE-588)4056618-3  |0 (DE-627)106154303  |0 (DE-576)209118288  |a Staat  |2 gnd 
650 0 7 |0 (DE-588)4008764-5  |0 (DE-627)104629584  |0 (DE-576)208878173  |a Bürger  |2 gnd 
650 0 7 |0 (DE-588)4226404-2  |0 (DE-627)104464305  |0 (DE-576)210313803  |a Protestbewegung  |2 gnd 
650 0 7 |0 (DE-588)4590565-4  |0 (DE-627)325973474  |0 (DE-576)214029433  |a Repräsentativität  |2 gnd 
651 7 |0 (DE-588)4018145-5  |0 (DE-627)106327232  |0 (DE-576)208922857  |a Frankreich  |2 gnd 
773 0 8 |i Enthalten in  |a Deutsch-Französisches Institut (34. : 2018 : Ludwigsburg)  |t Das Phänomen Macron und die Krise der Demokratie in Europa  |d Wiesbaden : Springer VS, 2019  |g (2019), Seite 11-20  |h 246 Seiten  |w (DE-627)1663171092  |z 9783658260217  |7 nnam 
773 1 8 |g year:2019  |g pages:11-20 
912 |a GBV_USEFLAG_U 
912 |a GBV_ILN_21 
912 |a ISIL_DE-46 
912 |a SYSFLAG_1 
912 |a GBV_KXP 
912 |a GBV_ILN_11 
912 |a GBV_ILN_22 
912 |a GBV_ILN_24 
912 |a GBV_ILN_31 
912 |a GBV_ILN_60 
912 |a GBV_ILN_62 
912 |a GBV_ILN_121 
912 |a GBV_ILN_216 
912 |a GBV_ILN_350 
912 |a GBV_ILN_1023 
912 |a GBV_ILN_2005 
912 |a GBV_ILN_2009 
912 |a GBV_ILN_2018 
912 |a GBV_ILN_2025 
912 |a GBV_ILN_2031 
912 |a GBV_ILN_2060 
912 |a GBV_ILN_2470 
912 |a GBV_ILN_2498 
912 |a GBV_ILN_350 
912 |a ISIL_DE-2795 
912 |a GBV_ILN_350_ 
912 |a GBV_ILN_2060 
912 |a ISIL_DE-Lg3 
912 |a GBV_ILN_2470 
912 |a ISIL_DE-615 
936 f i |0 (DE-627)1756131651  |a RA04.06  |b Frankreich  |k Europa  |k Westeuropa  |k Frankreich  |2 fivr 
936 f i |0 (DE-627)1756136033  |a SG05  |b Politische Kultur/Meinungsbildung  |k Gesellschaft  |k Politische Kultur/Meinungsbildung  |2 fivs 
936 f i |a ZGF250  |b Politische Kultur, Ideologie, öffentliche Meinung  |k Politische Kultur, Ideologie, öffentliche Meinung  |q DE-Lg3  |2 fivw 
938 1 0 |0 (DE-627)1756148325  |0 (DE-615)6603106  |a Frankreich  |2 fivt 
938 1 0 |0 (DE-627)1756182744  |0 (DE-615)6608557  |a Innenpolitische Lage/Entwicklung  |2 fivt 
938 1 0 |0 (DE-627)1756215391  |0 (DE-615)6608201  |a Staatsoberhaupt  |2 fivt 
938 1 0 |0 (DE-627)852984693  |0 (DE-588)1089164025  |a Macron, Emmanuel  |d 1977-  |2 gnd  |2 fivt 
938 1 0 |0 (DE-627)1756212864  |0 (DE-615)6609783  |a Führungsstil  |2 fivt 
938 1 0 |0 (DE-627)1756187053  |0 (DE-615)6607134  |a Politische Konzeption  |2 fivt 
938 1 0 |0 (DE-627)1756184976  |0 (DE-615)6606750  |a Politische Neuorientierung  |2 fivt 
938 1 0 |0 (DE-627)175616410X  |0 (DE-615)6601710  |a Verhältnis Bürger - Staat  |2 fivt 
938 1 0 |0 (DE-627)1756219265  |0 (DE-615)6604488  |a Protestbewegung  |2 fivt 
938 1 0 |0 (DE-627)1756219303  |0 (DE-615)6601508  |a Repräsentativität  |2 fivt 
938 1 1 |0 (DE-627)1756174946  |0 (DE-615)6605536  |a Politisches System  |2 fiva 
938 1 1 |0 (DE-627)1756158835  |0 (DE-615)6602477  |a Politische Macht  |2 fiva 
938 1 1 |0 (DE-627)1756150613  |0 (DE-615)6603152  |a Krise des politischen Systems  |2 fiva 
938 1 1 |0 (DE-627)1756206821  |0 (DE-615)6605161  |a Innenpolitik  |2 fiva 
938 1 1 |0 (DE-627)1756187665  |0 (DE-615)6605555  |a Innenpolitischer Konflikt  |2 fiva 
938 1 1 |0 (DE-627)1756184984  |0 (DE-615)6606681  |a Politische Reformen  |2 fiva 
938 1 1 |0 (DE-627)1756242488  |0 (DE-615)6604430  |a Reformpolitik  |2 fiva 
938 1 1 |0 (DE-627)1756162824  |0 (DE-615)6602093  |a Parteienspektrum  |2 fiva 
938 1 1 |0 (DE-627)1756195161  |0 (DE-615)6602838  |a Stand der Forschung  |2 fiva 
951 |a AR 
952 |j 2019  |h 11-20 
980 |2 21  |1 01  |x 0046  |b 3453592581  |y xza  |z 26-04-19 
980 |2 350  |1 01  |x 8293  |b 3453139011  |c 00  |f KELLER  |d Z 595 -2018  |e i  |j --%%--  |y z  |z 24-04-19 
980 |2 2060  |1 01  |x DE-Lg3  |b 3422890653  |c 00  |f --%%--  |d --%%--  |e --%%--  |j l  |y l01  |z 18-04-19 
980 |2 2470  |1 01  |x DE-615  |b 3421539456  |c 00  |f --%%--  |d --%%--  |e --%%--  |j --%%--  |y l01  |z 12-04-19 
998 |2 2470  |1 01  |x DE-615  |0 2019-04-23